Strand on the Green, Wadhurst Castle and Barham House at the Mart 28 August 1838 (Record no. 116352)

MARC details
000 -LEADER
fixed length control field 00869cam a22002175a 4500
001 - CONTROL NUMBER
control field L140553
008 - FIXED-LENGTH DATA ELEMENTS--GENERAL INFORMATION
fixed length control field 070927s1838 xxk eng u
035 ## - SYSTEM CONTROL NUMBER
System control number (Sirsi) u140553
041 0# - LANGUAGE CODE
Language code of text/sound track or separate title eng
110 2# - MAIN ENTRY--CORPORATE NAME
Corporate name or jurisdiction name as entry element George Robins
245 00 - TITLE STATEMENT
Title Strand on the Green, Wadhurst Castle and Barham House at the Mart 28 August 1838
260 ## - PUBLICATION, DISTRIBUTION, ETC.
Place of publication, distribution, etc. S.l.
-- .n.
Date of publication, distribution, etc. 1838
300 ## - PHYSICAL DESCRIPTION
Extent 1 v.
Other physical details ill., maps
Dimensions 37 cm.
351 ## - ORGANIZATION AND ARRANGEMENT OF MATERIALS
Hierarchical level Single item
500 ## - GENERAL NOTE
General note Collection of sales particulars bound together with notes and interleaved. Properties were all sold by George Robins at the Auction Mart in London 28 August 1838.
500 ## - GENERAL NOTE
General note Title is from cover and is handwritten.
500 ## - GENERAL NOTE
General note Item is in a fragile condition and the cover is detached.
651 4# - SUBJECT ADDED ENTRY--GEOGRAPHIC NAME
Geographic name Great Britain
Chronological subdivision 1707-
690 ## - LOCAL SUBJECT ADDED ENTRY--TOPICAL TERM (OCLC, RLIN)
Topical term or geographic name as entry element PROPERTY-PROPERTY ACQUISITION AND DISPOSAL-ACQUISITION AND DISPOSAL AT AUCTION
942 ## - ADDED ENTRY ELEMENTS (KOHA)
Suppress in OPAC 0
Holdings
Withdrawn status Lost status Source of classification or shelving scheme Damaged status Not for loan Home library Current library Shelving location Date acquired Total Checkouts Full call number Barcode Date last seen Copy number Price effective from Koha item type
    Dewey Decimal Classification     Historic collection Historic collection Historic collection 27/09/2007   MAP CABINET DRAWER 6 140553-2001 06/08/2019 1 06/08/2019 Archive